000 00706nam a2200253 i 4500
001 C2-0077546
003 PPAK
005 20180727082713.0
008 970429s1990 si a|||| ||||| | eng d
020 _a0195889312
040 _aPPAK
_beng
_cPPAK
_erda
082 0 4 _a305.8992
_223
090 0 0 _a305.8992
_bEMO
_dG
090 0 0 _a305.8992
_bEMO
_dR
245 0 0 _aEmotions of culture
250 _aWazir Jahan Karim
264 1 _aSingapore :
_bOxford University Press ,
_c1990
300 _axiii, 178 pages :
_billustrations ;
_c25 cm
336 _2rdacontent
_atext
337 _2rdamedia
_aunmediated
338 _2rdacarrier
_avolume
650 1 0 _aMalay (Asian people) - Psychology
942 _ddc
_cB
999 _c12549
_d12549